000 00535 a2200205 4500
005 20260209164853.0
008 260209b |||||||| |||| 00| 0 eng d
020 _a9789395975391
_cRs. 2750.00
040 _aMAIN
082 _a305.4
_bP272S
100 _aPatel, Swapnanjali, ed.
245 _aSocial problems related to women
260 _bSarup Book Publishers
_c2026
_aNew Delhi
300 _aviii, 275
650 _aSocial Science
650 _aSocial Groups
650 _aWomen
650 _aCultural Issue
942 _cBK
999 _c395091
_d395091